Litigación penal: (Registro nro. 21556)
[ vista simple ]
| 000 -Cabecera | |
|---|---|
| Campo de control interno | 00484nam a22002057a 4500 |
| 005 - Fecha y hora del registro | |
| control field | 20260314103248.0 |
| 008 - Elementos de Longitud Fija | |
| fixed length control field | 260314b |||||||| |||| 00| 0 spa d |
| 041 ## - Idioma | |
| Codigo Idioma | ESP |
| 082 ## - DEWEY y NOTACIÓN INTERNA | |
| Dewey | 345.2 |
| Notación Interna | B119A |
| 100 ## - AUTOR | |
| Autor denominación | Baytelman A., Andrés |
| 245 ## - TÍTULO DE MATERIAL BIBLIOGRÁFICO | |
| Título | Litigación penal: |
| Título paralelo | juicio oral y prueba |
| 260 ## - CIUDAD, EDITORIAL, AÑO | |
| Ciudad | : |
| Nombre de la Editorial | , |
| Año | 2008 |
| 300 ## - DESCRIPCIÓN | |
| N° Páginas | 434 páginas : |
| Otros detalles | ; |
| Dimensiones | 21cm. |
| 440 ## - MENCIÓN DE SERIE | |
| Título de la Serie | ; |
| 650 ## - TEMAS | |
| Temas | Generalidades |
| 654 ## - PROGRAMAS | |
| Programa | Dpto. de Derecho y Ciencia Política |
| 700 ## - OTROS AUTORES | |
| Otros autores | ; |
| 942 ## - ELEMENTOS DE KOHA | |
| Tipo de documento | Libro |
| Nombre del creador | Justo Noguera |
| Código de catalogador | Justo Noguera |
| Esquema de clasificación | Dewey Decimal Classification |
| Codigo completo | Registro | Colección | Copia número | Disponibilidad | Tipo de préstamo | Biblioteca Actual | Procedencia (Biblioteca) | Ubicacón | Fecha Ingreso | Tipo de Adquisición | Date last seen | Total checkouts | Price effective from | Tipo de Item | Estado del Material | Fuente de Clasificación | Damaged status | Withdrawn status |
|---|---|---|---|---|---|---|---|---|---|---|---|---|---|---|---|---|---|---|
| 345.2 B119A | 1010593 | Universidad Católica San Pablo | 1 | Disponible | Disponible | Víctor Andrés Belaunde | Víctor Andrés Belaunde | Primer piso | 14/03/2026 | Compra | 14/03/2026 | 14/03/2026 | Libro | Bueno | Dewey Decimal Classification |




